00397nam a2200157Ia 45000010006000000050017000060080041000230410008000640820017000721000026000892450071001152600009001863000028001956500008002236540008002312454720260414151051.0260414t2010||||xx |||||||||||||| ||spa|| aESP a345.72bT22A aTaruffo, MicheleeAUT 0aSimplemente la verdad :bel juez y la construcción de los hechos c2010 a299 páginas :c23 cm. aDER aCDE